01525nam a2200361Ia 4500001001200000003000800012006001900020007001500039008004100054010001700095015001800112020001500130020002200145040002100167035002100188050002900209082002400238100002900262245018200291260005900473300001400532504006600546533015200612650003800764650005400802650005500856650003700911650002600948655002900974710001701003856012601020999001701146ebr10135550CaPaEBRm u cr cn|||||||||051018s2005 nyu fsb 001 0 eng d z 2005296447 aGBA5631722bnb z1403981574 z1403963517 (hbk.) aCaPaEBRcCaPaEBR a(OCoLC)56046587114aLA1299.7.M56bM55 2005eb04a371.828297095992221 aMilligan, Jeffrey Ayala.10aIslamic identity, postcoloniality, and educational policyh[electronic resource] :bschooling and ethno-religious conflict in the Southern Philippines /cJeffrey Ayala Milligan. aNew York ;aBasingstoke :bPalgrave Macmillan,cc2005. ax, 225 p. aIncludes bibliographical references (p. [203]-213) and index. aElectronic reproduction.bPalo Alto, Calif. :cebrary,d2009.nAvailable via World Wide Web.nAccess may be limited to ebrary affiliated libraries. 0aEducation and statezPhilippines. 0aEducationzPhilippineszMindanao IslandxHistory. 0aEducationzPhilippineszSulu ArchipelagoxHistory. 0aMuslimsxEducationzPhilippines. 0aMuslimszPhilippines. 7aElectronic books.2local2 aebrary, Inc.40uhttp://site.ebrary.com/lib/rucke/Doc?id=10135550zAn electronic book accessible through the World Wide Web; click to view c85554d85554